Statistics for NBA All-Star Game Starters 1970's

Click here to take the quiz!

General Stats

  • This quiz has been taken 161 times
  • The average score is 24 of 44

Answer Stats

Player Team # % Correct
Kareem Abdul-JabbarLakers / Bucks6
95%
Julius Erving76ers3
93%
Oscar RobertsonRoyals1
90%
Bill WaltonTrail Blazers1
89%
Walt FrazierKnicks7
88%
Moses MaloneRockets1
87%
Wilt ChamberlainLakers1
87%
John HavlicekCeltics8
87%
Willis ReedKnicks2
86%
Jerry WestLakers4
85%
George GervinSpurs2
83%
Pete MaravichJazz / Hawks4
77%
Marques JohnsonBucks1
77%
Dave CowensCeltics4
75%
Elvin HayesBullets / Rockets3
74%
Elgin BaylorLakers1
72%
Rick BarryWarriors4
72%
Bob McAdooKnicks / Braves3
66%
David ThompsonNuggets3
62%
Earl MonroeKnicks / Bullets2
62%
Gail GoodrichLakers3
54%
Tiny ArchibaldKings3
54%
Bobby JonesNuggets1
53%
Jerry LucasWarriors1
52%
Maurice LucasTrail Blazers1
52%
Billy Cunningham76ers3
51%
Dan IsselNuggets1
43%
Dave DeBusschereKnicks1
40%
Dave BingBullets / Pistons2
40%
Bob LoveBulls1
39%
Lou HudsonHawks3
35%
Bob DandridgeBucks1
33%
Paul WestphalSuns3
32%
Rudy TomjanovichRockets1
30%
Connie HawkinsSuns2
28%
Spencer HaywoodSuperSonics3
26%
George McGinnisNuggets / 76ers2
18%
Norm Van LierBulls1
18%
Doug Collins76ers1
16%
Chet WalkerBulls1
15%
Geoff PetrieTrail Blazers1
14%
Sidney WicksTrail Blazers1
12%
Brian WintersBucks1
9%
Larry KenonSpurs1
8%

Score Distribution

Percentile by Number Answered

Percent of People with Each Score

Your Score History

You have not taken this quiz